University Home | Library Home | Institutional Repository

Animal nutrition/ (Record no. 216482)

MARC details
000 -LEADER
fixed length control field 00494nam a22002057a 4500
005 - DATE AND TIME OF LATEST TRANSACTION
control field 20260325105653.0
008 - FIXED-LENGTH DATA ELEMENTS--GENERAL INFORMATION
fixed length control field 260325b ||||| |||| 00| 0 eng d
040 ## - CATALOGING SOURCE
Original cataloging agency LC
Transcribing agency UNZA
050 ## - LIBRARY OF CONGRESS CALL NUMBER
Classification number SF95
Item number TYL 1964
100 ## - MAIN ENTRY--PERSONAL NAME
9 (RLIN) Tyler, Cyril
245 ## - TITLE STATEMENT
Title Animal nutrition/
Statement of responsibility, etc. Cyril Tyler
250 ## - EDITION STATEMENT
Edition statement 2nd edition
260 ## - PUBLICATION, DISTRIBUTION, ETC.
Place of publication, distribution, etc. London
Name of publisher, distributor, etc. Chapman and Hall
Date of publication, distribution, etc. 1964
300 ## - PHYSICAL DESCRIPTION
Extent xii, 253 pages
336 ## - CONTENT TYPE
CONTENT TYPE Book
337 ## - MEDIA TYPE
MEDIA TYPE Book
338 ## - CARRIER TYPE
CARRIER TYPE Book
504 ## - BIBLIOGRAPHY, ETC. NOTE
Bibliography, etc. note Incudes Index
999 ## -
-- 216482
-- 216482
942 ## - ADDED ENTRY ELEMENTS (KOHA)
Koha item type Vet Library long term book

No items available.

© 2026 - The University of Zambia Library - Koha v25.11